000 00620nam a2200253Ia 4500
003 OSt
005 20221005124220.0
006 a|||||r|||| 00| 0
007 ta
008 221004b |||||||| |||| 00| 0 eng d
024 _a61792
037 _cTextual
040 _aCRL
_cCRL
_beng
041 _2eng
_aeng
082 _aS:255, K7
100 _aKornerup A
_9634853
245 0 _aMethuen handbook of colour
250 _a2nd
260 _c1967
650 _aPSYCHOLOGY
700 _a Wanscher J H
_9634854
942 _hS:255, K7
_cTEXL
_2cc
999 _c1049755
_d1049755